[Event "tm FRA 1st"]
[Site "France"]
[Date "1999.??.??"]
[Round "3"]
[White "Fontaine, Robert"]
[Black "Apicella, Manuel"]
[Result "0-1"]
[WhiteElo "2369"]
[BlackElo "2515"]
[Annotator "Caissa-Clichy"]
[PlyCount "108"]
[EventDate "1999.??.??"]

1. e4 c5 2. Nf3 Nc6 3. d4 cxd4 4. Nxd4 g6 5. c4 Bg7 6. Be3 Nf6 7. Nc3 O-O 8.
Be2 b6 9. O-O Bb7 10. f4 d6 11. Bf3 Nxd4 12. Bxd4 Rc8 13. b3 Nd7 14. Bxg7 Kxg7
15. e5 Bxf3 16. Rxf3 b5 17. exd6 bxc4 18. Qd4+ Nf6 19. Ne4 cxb3 20. axb3 exd6
21. Rxa7 Rc1+ 22. Rf1 Rxf1+ 23. Kxf1 d5 24. Nc5 Kg8 25. b4 Re8 26. h3 Ne4 27.
Nxe4 Rxe4 28. Qc5 Rc4 29. Qe3 Qf6 30. Kg1 Rxf4 31. Ra3 Rxb4 32. Rd3 Rb1+ 33.
Kh2 Qd6+ 34. Qg3 Rb6 35. Qxd6 Rxd6 36. Kg3 d4 37. Kf4 f6 38. Ke4 Kf7 39. Rxd4
Rxd4+ 40. Kxd4 Ke6 41. Ke4 f5+ 42. Kf4 Kf6 43. Kf3 g5 44. Kf2 Ke5 45. Ke3 f4+
46. Kf3 Kf5 47. Kf2 Ke4 48. Ke2 h5 49. Kf2 g4 50. hxg4 hxg4 51. g3 f3 52. Kf1
Ke3 53. Ke1 f2+ 54. Kf1 Kd3 0-1

[Event "tm FRA 1st"]
[Site "France"]
[Date "1999.??.??"]
[Round "3"]
[White "Relange, Eloi"]
[Black "Goldsztejn, Gildas"]
[Result "1-0"]
[WhiteElo "2478"]
[BlackElo "2167"]
[Annotator "Clichy-Caissa"]
[PlyCount "61"]
[EventDate "1999.??.??"]

1. d4 Nf6 2. Nf3 g6 3. c4 Bg7 4. g3 c5 5. Bg2 O-O 6. O-O d6 7. Nc3 Nbd7 8. b3
Rb8 9. Bb2 a6 10. a4 b6 11. Qc2 Bb7 12. e4 cxd4 13. Nxd4 Ne8 14. Rfd1 e5 15.
Nde2 f5 16. f4 g5 17. Nd5 Bxd5 18. exd5 b5 19. axb5 axb5 20. cxb5 Rxb5 21. Kh1
Qb6 22. fxe5 dxe5 23. Ba3 Rf7 24. d6 e4 25. Bb2 Bxb2 26. Qxb2 Rxb3 27. Qc1 Nxd6
28. Qxg5+ Rg7 29. Ra8+ Nf8 30. Qf6 Nf7 31. Qe7 1-0

[Event "tm FRA 1st"]
[Site "France"]
[Date "1999.??.??"]
[Round "3"]
[White "Lecuyer, Christian"]
[Black "Degraeve, Jean-Marc"]
[Result "1/2-1/2"]
[WhiteElo "2265"]
[BlackElo "2536"]
[Annotator "Caissa-Clichy"]
[PlyCount "160"]
[EventDate "1999.??.??"]

1. d4 Nf6 2. Nf3 g6 3. c4 Bg7 4. Nc3 O-O 5. e4 d6 6. Be2 e5 7. O-O Nc6 8. d5
Ne7 9. b4 a5 10. Ba3 Nd7 11. Nd2 f5 12. bxa5 Rxa5 13. Bb4 Ra8 14. a4 Bh6 15.
Nb3 Nf6 16. Bf3 Rf7 17. Re1 Kh8 18. a5 Neg8 19. c5 fxe4 20. Nxe4 Nxe4 21. Bxe4
Nf6 22. cxd6 Nxe4 23. Rxe4 cxd6 24. Bd2 Bf5 25. Rb4 Bxd2 26. Qxd2 Rc8 27. Rc1
Rfc7 28. Rxc7 Qxc7 29. h3 Bc2 30. Qg5 Bxb3 31. Qf6+ Kg8 32. Rxb3 Rf8 33. Qe6+
Kg7 34. Rf3 Rxf3 35. gxf3 Qd8 36. Kf1 Kf8 37. Kg2 Qe7 38. Qc8+ Kg7 39. Qc4 Qf7
40. Kg3 g5 41. Kg2 h5 42. Qb5 Kh6 43. Qb3 Kg6 44. Qb1+ Kf6 45. Qb3 Qd7 46. Qc4
h4 47. Qb4 Kf7 48. Qe4 Kf6 49. Qb4 Qe7 50. Qg4 Qf7 51. Qc4 Kg7 52. Qb5 Qe7 53.
Qb6 Kf7 54. Qb1 Kf6 55. Qb4 Qc7 56. Qg4 Qf7 57. Qc4 Kg7 58. Qb5 Qe7 59. Qb6 Kf8
60. Qb4 Ke8 61. Qb5+ Kd8 62. a6 bxa6 63. Qxa6 Qc7 64. Qa8+ Qc8 65. Qa7 Qf5 66.
Qb6+ Ke7 67. Qc7+ Qd7 68. Qc2 Kf6 69. Qe4 Qb5 70. Kg1 Qb3 71. Kg2 Qd1 72. Qc4
Qd4 73. Qc6 Qc5 74. Qa8 Kf7 75. Qb7+ Kg6 76. Qa8 Qc7 77. Qg8+ Qg7 78. Qe6+ Qf6
79. Qg8+ Kh6 80. Qe8 Kg7 1/2-1/2

[Event "tm FRA 1st"]
[Site "France"]
[Date "1999.??.??"]
[Round "3"]
[White "Renet, Olivier"]
[Black "Plantet, Sebastien"]
[Result "1-0"]
[WhiteElo "2500"]
[BlackElo "2153"]
[Annotator "Clichy-Caissa"]
[PlyCount "41"]
[EventDate "1999.??.??"]

1. e4 c5 2. Nf3 Nc6 3. Nc3 g6 4. d4 cxd4 5. Nxd4 Bg7 6. Be3 Nf6 7. Be2 O-O 8.
Nb3 d6 9. f4 e5 10. O-O Re8 11. fxe5 Nxe5 12. Bg5 h6 13. Bh4 g5 14. Bg3 a6 15.
a4 b6 16. Nd4 Neg4 17. Qd3 Bb7 18. Bxg4 Nxg4 19. Nf5 b5 20. Qf3 b4 21. Nxg7 1-0

[Event "tm FRA 1st"]
[Site "France"]
[Date "1999.??.??"]
[Round "3"]
[White "Wolrich, Charles"]
[Black "Lamoureux, Charles"]
[Result "0-1"]
[WhiteElo "2161"]
[BlackElo "2377"]
[Annotator "Caissa-Clichy"]
[PlyCount "70"]
[EventDate "1999.??.??"]

1. d4 Nf6 2. c4 e6 3. Nc3 d5 4. Nf3 c6 5. cxd5 exd5 6. Qc2 Be7 7. Bg5 Nbd7 8.
e3 O-O 9. Bd3 Re8 10. O-O Nf8 11. Rab1 a5 12. a3 Bg4 13. Nd2 Bh5 14. b4 axb4
15. axb4 N6d7 16. Bxe7 Qxe7 17. b5 Qh4 18. bxc6 bxc6 19. Rfc1 Re6 20. Nf1 Bg6
21. Ne2 Bxd3 22. Qxd3 Rf6 23. Neg3 g6 24. Rb7 h5 25. Rc7 Qg5 26. f4 Qh6 27. h4
Re8 28. R1xc6 Qg7 29. Nd2 Rfe6 30. Rxe6 Rxe6 31. Nf3 Qf6 32. Ng5 Re7 33. f5 Qd6
34. fxg6 Qxg3 35. gxf7+ 35... Kg7 {(suite illisible)} 0-1

[Event "tm FRA 1st"]
[Site "France"]
[Date "1999.??.??"]
[Round "3"]
[White "Leconte, Maria"]
[Black "Lopez, Jorge"]
[Result "1/2-1/2"]
[WhiteElo "2315"]
[BlackElo "2189"]
[Annotator "Clichy-Caissa"]
[PlyCount "49"]
[EventDate "1999.??.??"]

1. Nf3 Nf6 2. g3 b6 3. Bg2 Bb7 4. O-O e6 5. d3 d5 6. Nbd2 Be7 7. e4 c5 8. Re1
Nc6 9. e5 Nd7 10. h4 Qc7 11. Qe2 O-O-O 12. c3 Kb8 13. a3 Rde8 14. Nf1 Na5 15.
b4 Nb3 16. Rb1 Nxc1 17. Rexc1 Rc8 18. Qe1 h6 19. N1h2 Rhe8 20. d4 c4 21. Rb2
Rg8 22. Ra1 a6 23. a4 Rcf8 24. Re2 Qd8 25. a5 1/2-1/2

[Event "tm FRA 1st"]
[Site "France"]
[Date "1999.??.??"]
[Round "3"]
[White "Arokiassamy, Cecile"]
[Black "Tagnon, Nicole"]
[Result "0-1"]
[WhiteElo "1870"]
[BlackElo "2094"]
[Annotator "Caissa-Clichy"]
[PlyCount "83"]
[EventDate "1999.??.??"]

1. d4 Nf6 2. Nf3 g6 3. Bg5 Bg7 4. e3 h6 5. Bh4 c5 6. c3 b6 7. Bd3 Ba6 8. Bxa6
Nxa6 9. Qe2 Nc7 10. O-O d6 11. Nbd2 O-O 12. e4 Nh5 13. Rfe1 Ne6 14. d5 Nef4 15.
Qc4 g5 16. Bg3 Nxg3 17. hxg3 Ng6 18. a4 a6 19. Nf1 Qd7 20. Ne3 b5 21. axb5 axb5
22. Qe2 e6 23. Nh2 c4 24. Nhg4 Qe7 25. Qf3 h5 26. Nh2 g4 27. Qd1 Ne5 28. Rxa8
Rxa8 29. Qe2 Nd3 30. Rd1 Ra2 31. Rb1 Qg5 32. Nhf1 Be5 33. Qd2 Qg6 34. Nd1 Qxe4
35. dxe6 fxe6 36. Qg5+ Bg7 37. Qxh5 Ra8 38. Nde3 Nxf2 39. Re1 Nd3 40. Nc2 Nxe1
41. Nxe1 Qxe1 42. Qxb5 0-1

[Event "tm FRA 1st"]
[Site "France"]
[Date "1999.??.??"]
[Round "3"]
[White "Legky, Nikolay"]
[Black "Gofshtein, Leonid"]
[Result "1/2-1/2"]
[WhiteElo "2487"]
[BlackElo "2517"]
[Annotator "Drancy-Noyon"]
[PlyCount "92"]
[EventDate "1999.??.??"]

1. d4 Nf6 2. Nf3 e6 3. Bg5 c5 4. e3 d5 5. c3 Nbd7 6. Bd3 Be7 7. Nbd2 b6 8. O-O
Bb7 9. Ne5 Nxe5 10. dxe5 Nd7 11. Bxe7 Qxe7 12. f4 g5 13. Bb5 Rg8 14. Qa4 gxf4
15. Bxd7+ Qxd7 16. Qxf4 O-O-O 17. Rf2 Rg7 18. Rd1 Qc7 19. Nf1 Rdg8 20. Rdd2 Rg4
21. Qf6 h5 22. Rf4 R4g6 23. Qxf7 Qxe5 24. Qe7 R6g7 25. Rf8+ Rxf8 26. Qxf8+ Kc7
27. Rf2 Bc6 28. Rf7+ Rxf7 29. Qxf7+ Bd7 30. Qf2 Qe4 31. h3 e5 32. Ng3 Qg6 33.
Kh2 h4 34. Nf1 Qb1 35. a3 a5 36. Kg1 Bf5 37. Qxh4 Bd3 38. Qe7+ Kc6 39. Qe8+ Kb7
40. Qf7+ Ka6 41. a4 c4 42. h4 d4 43. exd4 exd4 44. Qf2 dxc3 45. bxc3 Qa1 46.
Qf5 Ka7 1/2-1/2

[Event "tm FRA 1st"]
[Site "France"]
[Date "1999.??.??"]
[Round "3"]
[White "Sosonko, Gennadi"]
[Black "Komarov, Dimitri"]
[Result "1/2-1/2"]
[WhiteElo "2520"]
[BlackElo "2588"]
[Annotator "Noyon-Drancy"]
[PlyCount "53"]
[EventDate "1999.??.??"]

1. d4 Nf6 2. c4 e6 3. Nf3 b6 4. g3 Bb7 5. Bg2 Be7 6. O-O O-O 7. d5 exd5 8. Nh4
c6 9. cxd5 Nxd5 10. Nf5 Nc7 11. e4 d5 12. Re1 dxe4 13. Qg4 Bf6 14. Nc3 Bc8 15.
Bxe4 Bxf5 16. Qxf5 g6 17. Qf3 Ne6 18. Bh6 Nd4 19. Qg2 Re8 20. Be3 a6 21. Ne2
Ra7 22. Nxd4 Bxd4 23. Bxd4 Qxd4 24. Bxc6 Rxe1+ 25. Rxe1 Nxc6 26. Qxc6 Kg7 27.
b3 1/2-1/2

[Event "tm FRA 1st"]
[Site "France"]
[Date "1999.??.??"]
[Round "3"]
[White "Borne, Niels"]
[Black "Bezold, Michael"]
[Result "1/2-1/2"]
[WhiteElo "2305"]
[BlackElo "2503"]
[Annotator "Drancy-Noyon"]
[PlyCount "102"]
[EventDate "1999.??.??"]

1. d4 d6 2. c4 e5 3. Nf3 Nd7 4. Nc3 Be7 5. g3 Ngf6 6. Bg2 O-O 7. O-O c6 8. Qc2
Qc7 9. b3 Re8 10. Bb2 Bf8 11. Rac1 b6 12. dxe5 dxe5 13. Ng5 Bb7 14. Rcd1 Rad8
15. Nce4 h6 16. Nxf6+ Nxf6 17. Ne4 Nh7 18. c5 f5 19. Nd6 Bxd6 20. cxd6 Qd7 21.
Bh3 e4 22. Qc4+ Kh8 23. f4 Nf6 24. Bxf6 gxf6 25. e3 Kg7 26. Rf2 h5 27. b4 Kg6
28. Rfd2 Ra8 29. a4 a5 30. bxa5 Rxa5 31. Qb4 Rea8 32. Qxb6 Rxa4 33. Bf1 Ba6 34.
Bxa6 R4xa6 35. Qd4 Ra4 36. Qb2 R4a5 37. Qb6 Rb5 38. Qd4 Rba5 39. Qc4 Ra4 40.
Qc5 R4a5 41. Qc4 Ra4 42. Qe2 R8a6 43. Kg2 Ra8 44. Kh3 Ra3 45. Kh4 Rd8 46. Rb1
Rh8 47. Rb6 Raa8 48. Qd1 Kh6 49. Rdb2 Rhd8 50. Rb7 Qe8 51. Kh3 Qg6 1/2-1/2

[Event "tm FRA 1st"]
[Site "France"]
[Date "1999.??.??"]
[Round "3"]
[White "Rechlis, Gad"]
[Black "Moracchini, Fabrice"]
[Result "1-0"]
[WhiteElo "2514"]
[BlackElo "2303"]
[Annotator "Noyon-Drancy"]
[PlyCount "87"]
[EventDate "1999.??.??"]

1. e4 e6 2. d4 d5 3. Nc3 Nf6 4. Bg5 Bb4 5. e5 h6 6. Bd2 Bxc3 7. bxc3 Ne4 8. Qg4
Kf8 9. Bd3 Nxd2 10. Kxd2 Qg5+ 11. Qxg5 hxg5 12. Nh3 f6 13. f4 g4 14. Nf2 f5 15.
h3 g3 16. Nd1 Rh4 17. Ke3 c5 18. Rf1 Nc6 19. Bb5 Ne7 20. dxc5 g5 21. fxg5 Ng6
22. Rb1 f4+ 23. Kd2 a5 24. Ne3 Nxe5 25. Ng4 Nxg4 26. Rxf4+ Kg7 27. Rxg4 Rxg4
28. hxg4 e5 29. Be8 Ra7 30. g6 Bxg4 31. Rh1 Be6 32. Rh7+ Kf6 33. Bf7 Bxf7 34.
gxf7 Ra8 35. Ke3 Rf8 36. Rh1 Rxf7 37. Rf1+ Ke6 38. Rxf7 Kxf7 39. Kf3 Ke6 40.
Kxg3 Kf5 41. Kf3 a4 42. a3 Kg5 43. c4 dxc4 44. Ke4 1-0

[Event "tm FRA 1st"]
[Site "France"]
[Date "1999.??.??"]
[Round "3"]
[White "Carton, Camille"]
[Black "Giffard, Nicolas"]
[Result "0-1"]
[WhiteElo "2217"]
[BlackElo "2369"]
[Annotator "Noyon-Drancy"]
[PlyCount "78"]
[EventDate "1999.??.??"]

1. e4 c6 2. d4 d5 3. e5 Bf5 4. Nc3 e6 5. g4 Bg6 6. Nge2 Ne7 7. Nf4 Nd7 8. h4 h6
9. Nxg6 Nxg6 10. h5 Ne7 11. Bd3 c5 12. Bb5 Nc6 13. Be3 cxd4 14. Bxd4 Qg5 15.
O-O Qf4 16. Bxc6 bxc6 17. Re1 Bc5 18. Bxc5 Nxc5 19. Kg2 Rb8 20. b3 Rb4 21. f3
Rd4 22. Qc1 Rd2+ 23. Re2 Rxe2+ 24. Nxe2 Qxe5 25. Qd1 f5 26. gxf5 Qxf5 27. Ng3
Qf6 28. b4 Na4 29. Qf1 O-O 30. Re1 e5 31. Re3 Nb2 32. Qe2 Nc4 33. Rc3 Kh8 34.
a4 e4 35. Nxe4 dxe4 36. Qxc4 Qg5+ 37. Kf2 Qd2+ 38. Kg3 e3 39. Qxc6 Qf2+ 0-1

[Event "tm FRA 1st"]
[Site "France"]
[Date "1999.??.??"]
[Round "3"]
[White "Buchy, Daniel"]
[Black "Neuillet, Alexandre"]
[Result "0-1"]
[WhiteElo "2197"]
[BlackElo "2210"]
[Annotator "Drancy-Noyon"]
[PlyCount "66"]
[EventDate "1999.??.??"]

1. f4 d5 2. Nf3 e6 3. e3 Bd6 4. b3 Nf6 5. Bb2 Nbd7 6. g3 c6 7. Bg2 Qc7 8. O-O
e5 9. Nh4 g6 10. d3 O-O 11. Nd2 Re8 12. f5 Qb6 13. d4 e4 14. fxg6 hxg6 15. c4
Qd8 16. Bh3 Nf8 17. Bxc8 Rxc8 18. Qe2 N8h7 19. Ng2 Qd7 20. Nf4 Kg7 21. Rac1
Rcd8 22. Qg2 Rh8 23. h4 Ng4 24. Rce1 Nhf6 25. c5 Bc7 26. Qh3 g5 27. Ng2 Nh5 28.
Nxe4 dxe4 29. d5+ Be5 30. Bxe5+ Nxe5 31. Rf5 g4 32. Rg5+ Kf8 33. Qh2 Nf3+ 0-1

[Event "tm FRA 1st"]
[Site "France"]
[Date "1999.??.??"]
[Round "3"]
[White "Mulder, Bart-Piet"]
[Black "Zangrilli, David"]
[Result "1/2-1/2"]
[WhiteElo "2235"]
[BlackElo "2254"]
[Annotator "Noyon-Drancy"]
[PlyCount "75"]
[EventDate "1999.??.??"]

1. Nf3 Nf6 2. g3 d5 3. Bg2 g6 4. O-O Bg7 5. d4 O-O 6. c4 c6 7. Qb3 Qb6 8. Nc3
Qxb3 9. axb3 e6 10. Bf4 Nbd7 11. Rfd1 Re8 12. c5 Nh5 13. Bd6 Bf8 14. Bxf8 Nxf8
15. b4 f6 16. b5 Bd7 17. bxc6 Bxc6 18. b4 a6 19. Nd2 f5 20. Nb3 Rab8 21. e3
Rec8 22. Bf1 Nf6 23. f3 Ne8 24. Na5 Bd7 25. Na4 Nc7 26. Nb6 Re8 27. Nxd7 Nxd7
28. Rdb1 b5 29. cxb6 Rxb6 30. Rc1 Nb5 31. Bxb5 Rxb5 32. Rc7 Nb8 33. Rac1 Rxb4
34. Nb7 Rb6 35. Rc8 Rxc8 36. Rxc8+ Kg7 37. Rxb8 a5 38. Ra8 1/2-1/2

[Event "tm FRA 1st"]
[Site "France"]
[Date "1999.??.??"]
[Round "3"]
[White "Mora, Virginie"]
[Black "Duchene, Nathalie"]
[Result "1/2-1/2"]
[WhiteElo "2140"]
[BlackElo "1960"]
[Annotator "Drancy-Noyon"]
[PlyCount "57"]
[EventDate "1999.??.??"]

1. d4 Nf6 2. Nf3 e6 3. c4 Bb4+ 4. Bd2 Qe7 5. Qb3 Bxd2+ 6. Nbxd2 d6 7. Qc2 a5 8.
e3 Nbd7 9. Bd3 O-O 10. O-O e5 11. Ng5 g6 12. Rfe1 Nh5 13. f4 f5 14. c5 Ndf6 15.
cxd6 cxd6 16. dxe5 dxe5 17. g3 h6 18. Ngf3 e4 19. Bc4+ Kh7 20. Ne5 Bd7 21. Qb3
Rab8 22. Qb6 Qd8 23. Qb3 b5 24. Bf7 Be8 25. Bxe8 Qxe8 26. Rac1 Rd8 27. Rc7+ Ng7
28. Qc2 Nd5 29. Ra7 1/2-1/2

[Event "tm FRA 1st"]
[Site "France"]
[Date "1999.??.??"]
[Round "3"]
[White "David, Alberto"]
[Black "Palac, Mladen"]
[Result "1/2-1/2"]
[WhiteElo "2533"]
[BlackElo "2589"]
[Annotator "Chess XV-Cannes"]
[PlyCount "123"]
[EventDate "1999.??.??"]

1. e4 c5 2. Nf3 Nc6 3. Bb5 e6 4. O-O Nge7 5. Nc3 a6 6. Bxc6 Nxc6 7. d4 cxd4 8.
Nxd4 Qc7 9. Nxc6 dxc6 10. Qg4 b5 11. Kh1 Bb7 12. Bg5 b4 13. Na4 h5 14. Qh4 c5
15. f3 Bc6 16. b3 Bxa4 17. bxa4 Be7 18. e5 Rd8 19. Rad1 Bxg5 20. Qxg5 O-O 21.
Qxh5 Qc6 22. Qg5 Rd4 23. h4 Qxa4 24. Rxd4 cxd4 25. Rf2 Qxa2 26. h5 f6 27. Qg3
Qa1+ 28. Kh2 Qa5 29. Re2 Qc7 30. exf6 Qxg3+ 31. Kxg3 Rxf6 32. Re4 a5 33. Rxd4
Rf5 34. Rd8+ Kf7 35. Ra8 Rxh5 36. Kf4 Rc5 37. g4 g5+ 38. Ke3 Kf6 39. Kd4 Rxc2
40. Rxa5 Rc3 41. Ke4 b3 42. Rb5 Ke7 43. Kd4 Rxf3 44. Rxg5 Rf4+ 45. Kc3 Rb4 46.
Kb2 Kf6 47. Rg8 Rb5 48. Rh8 e5 49. Rh5 Rb7 50. Rf5+ Ke6 51. Rf3 e4 52. Rxb3 e3
53. Rxb7 e2 54. Rb6+ Kd5 55. Rb5+ Kd6 56. Rb6+ Kd7 57. Rb7+ Kd8 58. Rb8+ Kd7
59. Rb7+ Kd6 60. Rb6+ Kd5 61. Rb5+ Kd4 62. Rb4+ 1/2-1/2

[Event "tm FRA 1st"]
[Site "France"]
[Date "1999.??.??"]
[Round "3"]
[White "Guyard, Bertrand"]
[Black "Chabanon, Jean-Luc"]
[Result "1/2-1/2"]
[WhiteElo "2196"]
[BlackElo "2468"]
[Annotator "Chess XV-Cannes"]
[PlyCount "72"]
[EventDate "1999.??.??"]

1. d4 Nf6 2. c4 g6 3. Nc3 Bg7 4. e4 d6 5. Nf3 O-O 6. Be2 Nbd7 7. e5 Ne8 8. Bf4
c5 9. dxc5 Nxc5 10. h3 Ne6 11. Bg3 dxe5 12. Qxd8 Nxd8 13. Bxe5 f6 14. Bg3 e5
15. O-O Nc6 16. Rfd1 f5 17. c5 h6 18. Bc4+ Kh7 19. Bd5 e4 20. Bxc6 bxc6 21. Nd4
f4 22. Bh2 Rb8 23. Rab1 Rb7 24. Nxc6 Rc7 25. Na5 Rxc5 26. Nb3 Rc6 27. Nxe4 Bf5
28. f3 Ra6 29. a3 Rb6 30. Nd4 Bxe4 31. fxe4 Nf6 32. e5 Ne4 33. Nf3 Rf7 34. Re1
Ng5 35. Re2 Nxf3+ 36. gxf3 g5 1/2-1/2

[Event "tm FRA 1st"]
[Site "France"]
[Date "1999.??.??"]
[Round "3"]
[White "Gallagher, Joseph"]
[Black "Lohou, Stephane"]
[Result "1-0"]
[WhiteElo "2519"]
[BlackElo "2179"]
[Annotator "Cannes-Chess XV"]
[PlyCount "57"]
[EventDate "1999.??.??"]

1. e4 c6 2. d4 d5 3. Nd2 dxe4 4. Nxe4 Nf6 5. Nxf6+ gxf6 6. c3 Bf5 7. Nf3 e6 8.
g3 Qd5 9. Bg2 Qc4 10. Be3 Nd7 11. Nd2 Qa6 12. c4 e5 13. O-O h5 14. Re1 Be7 15.
a3 Bg4 16. Qc2 Kf8 17. h3 exd4 18. Bxd4 Be6 19. b4 Rc8 20. Bb2 Rd8 21. Re3 Ne5
22. Bf1 c5 23. b5 Qb6 24. Rae1 Qc7 25. Rxe5 fxe5 26. Bxe5 Qd7 27. Bxh8 Qxd2 28.
Qe4 Qg5 29. Bc3 {(temps)} 1-0

[Event "tm FRA 1st"]
[Site "France"]
[Date "1999.??.??"]
[Round "3"]
[White "Schabanel, Stephane"]
[Black "Anic, Darko"]
[Result "1/2-1/2"]
[WhiteElo "2217"]
[BlackElo "2464"]
[Annotator "Chess XV-Cannes"]
[PlyCount "86"]
[EventDate "1999.??.??"]

1. e4 e5 2. Bc4 Nf6 3. d3 Nc6 4. Nc3 Be7 5. f4 d6 6. Nf3 O-O 7. a3 exf4 8. Bxf4
Be6 9. Nd5 Bxd5 10. exd5 Ne5 11. Bb3 Ng6 12. Bd2 Nd7 13. d4 Bh4+ 14. g3 Re8+
15. Kf2 Bf6 16. Qf1 Nb6 17. Qd3 Qd7 18. a4 a5 19. c4 Ne7 20. Bc2 g6 21. Kg2 c6
22. dxc6 Qxc6 23. b3 Nf5 24. d5 Qc5 25. Rae1 Nd7 26. Re4 Qa3 27. Rhe1 Rxe4 28.
Qxe4 Qb2 29. Bf4 Bc3 30. Rb1 Qa2 31. g4 Nf6 32. Qd3 Nxg4 33. Qxc3 Nge3+ 34.
Bxe3 Qxc2+ 35. Qxc2 Nxe3+ 36. Kg1 Nxc2 37. Rc1 Nb4 38. Nd4 Kf8 39. Nb5 Ke7 40.
Re1+ Kd7 41. Rf1 Ke7 42. Re1+ Kd7 43. Rf1 Ke7 1/2-1/2

[Event "tm FRA 1st"]
[Site "France"]
[Date "1999.??.??"]
[Round "3"]
[White "Rainfray, Arnaud"]
[Black "Heinis, Vincent"]
[Result "1-0"]
[WhiteElo "2322"]
[BlackElo "2266"]
[Annotator "Cannes-Chess XV"]
[PlyCount "63"]
[EventDate "1999.??.??"]

1. e4 c6 2. d4 d5 3. e5 Bf5 4. Nf3 e6 5. Be2 Nd7 6. O-O Ne7 7. Be3 c5 8. c4
dxc4 9. Na3 Nd5 10. Bg5 Qb8 11. Bxc4 N5b6 12. Bd3 Bxd3 13. Qxd3 cxd4 14. Rfe1
Bb4 15. Re2 O-O 16. Nc2 Nd5 17. Nxb4 Nxb4 18. Qxd4 Nd5 19. Qg4 Rc8 20. Bh6 g6
21. Qh4 b5 22. Rd1 Rc4 23. Qh3 Qb7 24. Red2 Rac8 25. g3 Rc1 26. Qg4 Rxd1+ 27.
Rxd1 Rc2 28. Qg5 Qb8 29. Rxd5 exd5 30. e6 Qb6 31. Nd4 f6 32. Qxd5 1-0

[Event "tm FRA 1st"]
[Site "France"]
[Date "1999.??.??"]
[Round "3"]
[White "Bakus, Michel"]
[Black "Levacic, Damir"]
[Result "0-1"]
[WhiteElo "2160"]
[BlackElo "2295"]
[Annotator "Chess XV-Cannes"]
[PlyCount "108"]
[EventDate "1999.??.??"]

1. e4 c5 2. Nf3 Nc6 3. d4 cxd4 4. Nxd4 Nf6 5. Nc3 d6 6. Bg5 e6 7. Qd2 Be7 8.
O-O-O Nxd4 9. Qxd4 O-O 10. f4 Qa5 11. Be2 e5 12. Qe3 exf4 13. Qxf4 Be6 14. Kb1
Rac8 15. Nd5 Bxd5 16. exd5 Rfe8 17. Bf3 Qc5 18. c3 h6 19. Bh4 Qb5 20. Rhe1 Rcd8
21. Be2 Qd7 22. Rf1 Rf8 23. Bd3 Rde8 24. Bf5 Qc7 25. Bc2 Qd7 26. h3 Bd8 27.
Bxf6 Bxf6 28. Qd2 Bg5 29. Qd3 g6 30. Rf3 Re5 31. g4 Rfe8 32. Rdf1 R8e7 33. a3
b5 34. Qd4 Qb7 35. Rd1 a5 36. Ka2 Qc7 37. a4 b4 38. c4 Re2 39. Bb3 R2e4 40. Qd3
Re2 41. Qd4 R7e4 42. Qd3 Qe7 43. Rdf1 Rd2 44. Qb1 Ree2 45. c5 f5 46. Bc4 Rxb2+
47. Qxb2 Rxb2+ 48. Kxb2 Qe5+ 49. Kb3 Be3 50. Rxe3 Qxe3+ 51. Ka2 Qa3+ 52. Kb1 b3
53. Bd3 Qa2+ 54. Kc1 b2+ 0-1

[Event "tm FRA 1st"]
[Site "France"]
[Date "1999.??.??"]
[Round "3"]
[White "Sorin, Maxime"]
[Black "Bouton, Christophe"]
[Result "1-0"]
[WhiteElo "2208"]
[BlackElo "2238"]
[Annotator "Cannes-Chess XV"]
[PlyCount "43"]
[EventDate "1999.??.??"]

1. e4 e5 2. Nf3 Nc6 3. d4 exd4 4. Nxd4 Nf6 5. Nxc6 bxc6 6. Bd3 d5 7. e5 Ng4 8.
O-O Be6 9. Qe2 Qh4 10. h3 Nh6 11. Nd2 g6 12. Nf3 Qb4 13. c3 Qb8 14. Nd4 Kd7 15.
Qf3 Qd8 16. c4 Bg7 17. cxd5 Bxd5 18. Be4 Kc8 19. Nxc6 Bxe4 20. Qxe4 Qe8 21. Rd1
Qe6 22. Nd8 1-0

[Event "tm FRA 1st"]
[Site "France"]
[Date "1999.??.??"]
[Round "3"]
[White "Bonvalot, Isabelle"]
[Black "Bramme, Emmanuelle"]
[Result "1/2-1/2"]
[WhiteElo "2000"]
[BlackElo "2049"]
[Annotator "Chess XV-Cannes"]
[PlyCount "96"]
[EventDate "1999.??.??"]

1. e4 c5 2. c3 d5 3. exd5 Qxd5 4. d4 Nf6 5. Nf3 Bg4 6. Be2 e6 7. O-O Nc6 8. h3
Bh5 9. Be3 cxd4 10. cxd4 Be7 11. Nc3 Qd6 12. Rc1 a6 13. Qb3 O-O 14. Rfd1 Nb4
15. Rd2 Rfc8 16. a3 Nbd5 17. Rdc2 Rcb8 18. Nxd5 Nxd5 19. Bd2 h6 20. Ba5 b6 21.
Rc6 Qd8 22. Bd2 Bf6 23. g4 Bg6 24. Ne5 Ne7 25. Nxg6 Nxc6 26. Rxc6 Bxd4 27. Bf4
Qf6 28. Ne7+ Qxe7 29. Bxb8 Rxb8 30. Bxa6 Qf6 31. Qc2 Bxb2 32. a4 Bd4 33. Bd3
Bc5 34. a5 Qa1+ 35. Kg2 Qxa5 36. Rc7 Rf8 37. Qe2 Qa1 38. Qe4 g6 39. Qf4 Qd4 40.
Qf3 Qe5 41. Rd7 Kg7 42. Bc4 Qf6 43. Qe2 Re8 44. Rd3 Rd8 45. Rf3 Qe7 46. Qe5+
Kh7 47. Bd3 Rd7 48. Bb5 Rd4 1/2-1/2

[Event "tm FRA 1st"]
[Site "France"]
[Date "1999.??.??"]
[Round "3"]
[White "Miralles, Gilles"]
[Black "Santo-Roman, Marc"]
[Result "1/2-1/2"]
[WhiteElo "2491"]
[BlackElo "2381"]
[Annotator "Monaco-Orange"]
[PlyCount "28"]
[EventDate "1999.??.??"]

1. e4 c5 2. Nf3 e6 3. c4 Nc6 4. d4 cxd4 5. Nxd4 Nf6 6. Nc3 Bb4 7. Nxc6 bxc6 8.
Bd3 d5 9. exd5 exd5 10. O-O O-O 11. Bg5 h6 12. Bh4 d4 13. Ne4 Be7 14. Re1 Rb8
1/2-1/2

[Event "tm FRA 1st"]
[Site "France"]
[Date "1999.??.??"]
[Round "3"]
[White "Goldgewicht, Lionel"]
[Black "Marciano, David"]
[Result "0-1"]
[WhiteElo "2353"]
[BlackElo "2521"]
[Annotator "Orange-Monaco"]
[PlyCount "58"]
[EventDate "1999.??.??"]

1. e4 e5 2. Nf3 Nc6 3. d4 exd4 4. Nxd4 Nf6 5. Nc3 Bb4 6. Nxc6 bxc6 7. Bd3 d5 8.
exd5 cxd5 9. O-O O-O 10. Bg5 c6 11. Ne2 Bd6 12. Nd4 c5 13. Nf5 Bxf5 14. Bxf5
Be5 15. c3 h6 16. Bh4 Rb8 17. Qc2 Qd6 18. Bg3 Bxg3 19. hxg3 Rfe8 20. Rfe1 Re5
21. Rad1 Rbe8 22. Qb1 g6 23. Bd3 Qe6 24. Kf1 Ng4 25. Rxe5 Qxe5 26. Bxg6 Qe2+
27. Kg1 Qxf2+ 28. Kh1 Qxg3 29. Bxf7+ Kf8 0-1

[Event "tm FRA 1st"]
[Site "France"]
[Date "1999.??.??"]
[Round "3"]
[White "Rotstein, Arkadij"]
[Black "Guadalpi, David"]
[Result "0-1"]
[WhiteElo "2493"]
[BlackElo "2279"]
[Annotator "Monaco-Orange"]
[PlyCount "92"]
[EventDate "1999.??.??"]

1. Nf3 g6 2. d4 Nf6 3. g3 Bg7 4. Bg2 O-O 5. O-O d6 6. c4 Nc6 7. Nc3 Rb8 8. b3
a6 9. Nd5 Nh5 10. Bb2 e6 11. Ne3 Ne7 12. Qc2 f5 13. Rfd1 Bd7 14. Rac1 h6 15. d5
e5 16. c5 f4 17. Nc4 Bf5 18. Qd2 g5 19. cxd6 cxd6 20. Qb4 Nc8 21. Nfd2 Nf6 22.
Ba3 Ne8 23. Ne4 Bf6 24. Qa5 Bxe4 25. Bxe4 b5 26. Qxd8 Bxd8 27. Nd2 Bb6 28. g4
Ne7 29. Kg2 a5 30. h4 b4 31. Bb2 Nf6 32. Kf3 Rfd8 33. hxg5 hxg5 34. Rh1 Kg7 35.
Rh2 Rh8 36. Rch1 Bc5 37. Nc4 Rxh2 38. Rxh2 Rd8 39. Nxa5 Ra8 40. Nc6 Rxa2 41.
Bc1 Nexd5 42. Nd8 Nc7 43. Nb7 Ne6 44. e3 fxe3 45. Bxe3 Bxe3 46. Nxd6 Nd4+ 0-1

[Event "tm FRA 1st"]
[Site "France"]
[Date "1999.??.??"]
[Round "3"]
[White "Guidarelli, Laurent"]
[Black "Atlas, Valeri"]
[Result "0-1"]
[WhiteElo "2272"]
[BlackElo "2457"]
[Annotator "Orange-Monaco"]
[PlyCount "100"]
[EventDate "1999.??.??"]

1. e4 c5 2. Nf3 e6 3. d4 cxd4 4. Nxd4 Nf6 5. Nc3 d6 6. Be3 Be7 7. f3 O-O 8. Qd2
Nc6 9. O-O-O d5 10. exd5 Nxd5 11. Nxd5 Qxd5 12. c4 Qd7 13. Nb5 Rd8 14. Qxd7
Bxd7 15. Nd6 Rab8 16. Be2 b6 17. Rd2 e5 18. Rhd1 Be6 19. g4 g5 20. b3 f6 21.
Kb2 Kf8 22. Nb5 Rxd2+ 23. Rxd2 Bb4 24. Rd1 Ke7 25. Nc7 Bd6 26. Na6 Rc8 27. c5
bxc5 28. Nxc5 Nd4 29. Bxd4 exd4 30. Nxe6 Kxe6 31. Bd3 Ke5 32. Bc4 Bc5 33. Kc2
Kf4 34. Rd3 Re8 35. b4 Bb6 36. Kd2 Re7 37. Bd5 h5 38. h3 h4 39. a4 a5 40. bxa5
Bxa5+ 41. Kc2 Re2+ 42. Kb3 Re3 43. Kc4 Rxd3 44. Kxd3 Bb6 45. a5 Ba7 46. Ke2 Kg3
47. Be6 Kxh3 48. f4 Kg2 49. fxg5 fxg5 50. Bd5+ Kg1 0-1